Extremal graph theory /

Guardado en:
Autor Principal: Bollobás, Béla.
Formato: Libro
Idioma:English
Publicado: London : Academic Press, 1978.
Series:L.M.S. monographs ; 11
Materias:
Etiquetas: Agregar Etiqueta
Sin Etiquetas, Sea el primero en etiquetar este registro!
LEADER 00689cam a22002295a 4500
001 MAT.inmabb002488
008 790302s1978####enka#####b####001#0#eng##
005 20150325124356.0
245 1 0 |a Extremal graph theory /  |c Béla Bollobás. 
260 |a London :  |b Academic Press,  |c 1978. 
300 |a xx, 488 p. :  |b il. ;  |c 24 cm. 
440 0 |a L.M.S. monographs ;  |v 11 
504 |a Bibliografía: p. 438-479. 
510 4 |a MR,  |c 80a:05120 
020 |a 0121117502 
100 1 |a Bollobás, Béla. 
650 0 |a Graph theory. 
650 0 |a Extremal problems (Mathematics) 
084 |a 05C35 (05-02)  |2 msc2000 
010 |a  77076680  
040 |a DLC  |c DLC  |d DLC 
859 |h 05  |i B692  |p A-5011  |b BIB. MATEMATICA